000
00308nam a22001337a 4500
003
SGT
082
_a
616.692
_b
G04S
100
_a
SERHAL, PAUL
245
_a
GOOD CLINICAL PRACTICE IN ASSISTED REPRODUCTION
260
_a
INDIA
_b
CAMBRIDGE
_c
2004
300
_a
348
650
_a
RADIOLOGY
942
_2
ddc
_c
BK
999
_c
14588
_d
14588